| 000 | 00623nam a2200241 a 4500 | ||
|---|---|---|---|
| 001 | nice12345678 | ||
| 003 | IN_TiNIC | ||
| 005 | 20260116014103.0 | ||
| 008 | 090129s2007 oxfa grp 000 0 eng | ||
| 020 |
_a9781851684632 _c295 |
||
| 082 | 0 | 0 |
_a305.3 _bWAD |
| 100 | _aWadud, Amina | ||
| 245 |
_aInside the Gender Jihad _b Women`s Reform in Islam |
||
| 260 |
_aOxford _bOne World Publications _c2007 |
||
| 300 | _a286p | ||
| 500 | _aincludes index and biblioraphy | ||
| 505 | 2 | _anotes, index | |
| 650 | _aGender Discrimination | ||
| 700 | 1 | _aWadud, Amina | |
| 902 | _bSRS | ||
| 942 | _cBK | ||
| 999 |
_c13818 _d13818 |
||